Για την Αμμόχωστο : ποιήματα, αφηγήματα, θεατρικά, ταξιδιωτικά κείμενα και άλλες μαρτυρίες
Saved in:
| Corporate Author: | |
|---|---|
| Other Authors: | |
| Format: | Book |
| Language: | Greek |
| Published: |
Αμμόχωστος :
Βιβλιεκδοτική,
2009.
|
| Subjects: | |
| Tags: |
Add Tag
No Tags, Be the first to tag this record!
|
MARC
| LEADER | 00000cam a2200000 a 4500 | ||
|---|---|---|---|
| 001 | 1/113184 | ||
| 008 | 170301s2009####cy | ||| |||| ||gre|| | ||
| 020 | |a 9789963675234 | ||
| 040 | |a GR-MyUa |b gre |c GR-MyUa |e AACR2 | ||
| 041 | 0 | |a gre | |
| 082 | 7 | |a 889.4 |2 (23) | |
| 110 | 2 | |a Δήμος Αμμοχώστου. | |
| 245 | 1 | 0 | |a Για την Αμμόχωστο : |b ποιήματα, αφηγήματα, θεατρικά, ταξιδιωτικά κείμενα και άλλες μαρτυρίες / |c Δήμος Αμμοχώστου ; γενική επιμέλεια: Λευτέρης Παπαλεοντίου. |
| 260 | |a Αμμόχωστος : |b Βιβλιεκδοτική, |c 2009. | ||
| 300 | |a 263 σ. ; |c 24 εκ. | ||
| 504 | |a Βιβλιογραφία: σ. 259-263. | ||
| 650 | 0 | |a Cyprian literature |x Collections. | |
| 650 | 0 | |a Greek literature, Modern |z Cyprus. | |
| 651 | 0 | |a Cyprus |x History. | |
| 651 | 0 | |a Cyprus |x Intellectual life. | |
| 700 | 1 | |a Παπαλεοντίου, Λευτέρης, |e edt | |
| 852 | |a INST |b RHODES |e 20170301 |h 889.4 ΔΗΜ |p 005400039159 |q 005400039159 |t BK |y 0 | ||
| 970 | |z 01-03-2017 | ||